| 000 | 00475nam a2200169 a 4500 | ||
|---|---|---|---|
| 001 | 6044 | ||
| 003 | CO-ViMGA | ||
| 008 | 141112s2004 ck r 000 u spa d | ||
| 040 |
_aCO-ViMGA _bspa _cCO-ViMGA |
||
| 082 | 0 | 4 | _a796.4 B151 |
| 100 | 1 |
_aBalaskas, Arthur _94654 |
|
| 245 | 1 | 0 |
_aGuía completa de ejercicios de stretching / _cBalaskas Arthur , Stirk John |
| 260 |
_aBarcelona : _bUrano, _c1992 |
||
| 300 | _a183 p : il | ||
| 650 | 1 | 4 | _aEJERCICIOS FISICOS |
| 942 |
_2ddc _cBK |
||
| 999 |
_c18018 _d18018 |
||